<?xml version="1.0" encoding="UTF-8"?>
<record
    xmlns:xsi="http://www.w3.org/2001/XMLSchema-instance"
    xsi:schemaLocation="http://www.loc.gov/MARC21/slim http://www.loc.gov/standards/marcxml/schema/MARC21slim.xsd"
    xmlns="http://www.loc.gov/MARC21/slim">

  <leader>00827nam a22001937a 4500</leader>
  <controlfield tag="003">AUA.1</controlfield>
  <controlfield tag="005">20251105093143.0</controlfield>
  <controlfield tag="008">250630b        |||||||| |||| 00| 0 eng d</controlfield>
  <datafield tag="040" ind1=" " ind2=" ">
    <subfield code="c">JTL</subfield>
  </datafield>
  <datafield tag="100" ind1=" " ind2=" ">
    <subfield code="a">Tefison, Th&#xE9;ophile Jean-Baptiste</subfield>
  </datafield>
  <datafield tag="245" ind1=" " ind2=" ">
    <subfield code="a">Youth apostasy among Ambassador Club members in the Seventh-Day Adventist Church of Tsianaloka, South-West Malagasy Conference  / </subfield>
    <subfield code="c">Th&#xE9;ophile Jean-Baptiste Tefison.</subfield>
  </datafield>
  <datafield tag="260" ind1=" " ind2=" ">
    <subfield code="c">c2022.</subfield>
  </datafield>
  <datafield tag="300" ind1=" " ind2=" ">
    <subfield code="a">xii, 98 leaves :</subfield>
    <subfield code="b">Illustrations :</subfield>
    <subfield code="c">30cm.</subfield>
  </datafield>
  <datafield tag="610" ind1=" " ind2=" ">
    <subfield code="a">Seventh-day Adventist Church</subfield>
    <subfield code="b">South-West Malagasy Conference</subfield>
    <subfield code="b">Tsianaloka</subfield>
    <subfield code="z">Madagascar</subfield>
  </datafield>
  <datafield tag="610" ind1=" " ind2=" ">
    <subfield code="a">Seventh-day Adventist Church</subfield>
    <subfield code="b">Ambassador Club</subfield>
  </datafield>
  <datafield tag="650" ind1=" " ind2=" ">
    <subfield code="a">Apostasy</subfield>
    <subfield code="v">Seventh-day Adventists</subfield>
  </datafield>
  <datafield tag="650" ind1=" " ind2=" ">
    <subfield code="a">Church work with youth</subfield>
    <subfield code="x">Seventh-day Adventists</subfield>
  </datafield>
  <datafield tag="942" ind1=" " ind2=" ">
    <subfield code="2">aua</subfield>
    <subfield code="c">PROJECT</subfield>
    <subfield code="h">MA PTh</subfield>
    <subfield code="i">.T44 2022</subfield>
  </datafield>
  <datafield tag="999" ind1=" " ind2=" ">
    <subfield code="c">25106</subfield>
    <subfield code="d">25106</subfield>
  </datafield>
  <datafield tag="952" ind1=" " ind2=" ">
    <subfield code="0">0</subfield>
    <subfield code="1">0</subfield>
    <subfield code="2">lcc</subfield>
    <subfield code="4">0</subfield>
    <subfield code="7">0</subfield>
    <subfield code="8">JTL Research Collection</subfield>
    <subfield code="a">AUA.1</subfield>
    <subfield code="b">AUA.1</subfield>
    <subfield code="c">RESC</subfield>
    <subfield code="d">2025-06-30</subfield>
    <subfield code="e">Theological Seminary</subfield>
    <subfield code="g">25.00</subfield>
    <subfield code="h">AUA27925</subfield>
    <subfield code="l">0</subfield>
    <subfield code="o">MA PTh .T44 2022</subfield>
    <subfield code="p">AUA27925</subfield>
    <subfield code="r">2025-06-30 09:31:35</subfield>
    <subfield code="v">25.00</subfield>
    <subfield code="w">2025-06-30</subfield>
    <subfield code="y">PROJECT</subfield>
  </datafield>
</record>
